[Event "EU-ch 12th"]
[Site "Aix les Bains"]
[Date "2011.03.24"]
[Round "3"]
[White "Maruejols, Claude"]
[Black "Roeder, Mathias"]
[Result "0-1"]
[WhiteElo "2001"]
[BlackElo "2414"]
[PlyCount "136"]
[EventDate "2011.03.22"]
[EventType "swiss"]
[EventRounds "11"]
[EventCountry "FRA"]
[SourceTitle "CBM 142 Extra"]
[Source "ChessBase"]
[SourceDate "2011.06.27"]
[SourceVersion "1"]
[SourceVersionDate "2011.06.27"]
[SourceQuality "1"]

1. d4 Nf6 2. c4 e6 3. Nc3 Bb4 4. e3 0-0 5. Bd3 d5 6. Nf3 c5 7. 0-0 Nbd7 8. Qc2 cxd4 9. exd4 dxc4 10. Bxc4 Bxc3 11. bxc3 Qc7 12. Bd3 b6 13. Re1 Bb7 14. Ne5 Rac8 15. Ba3 Rfd8 16. Rac1 Nf8 17. Bb2 Nd5 18. Qd2 f6 19. c4 Ne7 20. Ng4 Neg6 21. f3 Nf4 22. Bf1 h5 23. Nf2 h4 24. Qe3 Re8 25. Ne4 N8g6 26. g3 hxg3 27. hxg3 Nh5 28. f4 Nf8 29. Bg2 f5 30. Ng5 Bxg2 31. Kxg2 Qc6+ 32. Qf3 Qxf3+ 33. Kxf3 Nf6 34. Re5 Rc6 35. Ke2 Ng4 36. Rb5 Rec8 37. Kd3 Nh7 38. Nxh7 Kxh7 39. d5 Rd8 40. Ke2 exd5 41. Rxd5 Re8+ 42. Kd2 Ne3 43. Rd4 Rh6 44. Kc3 Rh3 45. Rg1 Re7 46. Ba3 Re6 47. Rd3 Ng4 48. Bc1 Rh2 49. a4 Nf6 50. Kb4 Ne4 51. g4 fxg4 52. Re3 a5+ 53. Ka3 Nc5 54. Rxe6 Nxe6 55. Rxg4 Rh3+ 56. Ka2 g6 57. Rg2 Nc5 58. Rf2 Rc3 59. Bb2 Rxc4 60. f5 Rxa4+ 61. Kb1 gxf5 62. Rxf5 Rb4 63. Ka2 Kg6 64. Rf6+ Kg5 65. Rf8 Rc4 66. Rf7 b5 67. Ra7 a4 68. Rf7 b4 0-1